Catalogue of the coins collected by Chas. J. Rodgers and purchased by the government of the Panjab / (Record no. 163700)

MARC details
000 -LEADER
campo de control de longitud fija 00775nam a2200181 i 4500
001 - NÚMERO DE CONTROL
campo de control 163700
003 - IDENTIFICADOR DE NÚMERO DE CONTROL
campo de control ES-MaACL
005 - FECHA Y HORA DE LA ÚLTIMA TRANSACCIÓN
campo de control 20230906212807.0
008 - DATOS DE LONGITUD FIJA--INFORMACIÓN GENERAL
campo de control de longitud fija 050719s1894 ii | |||||||| ||eng d
040 ## - FUENTE DE CATALOGACIÓN
Centro catalogador/agencia de origen CAM
Lengua de catalogación spa
Centro/agencia transcriptor CAM
100 1# - ENTRADA PRINCIPAL--NOMBRE DE PERSONA
Nombre de persona Rodgers, Chas. J.
9 (RLIN) 131919
245 10 - MENCIÓN DEL TÍTULO
Título Catalogue of the coins collected by Chas. J. Rodgers and purchased by the government of the Panjab /
Mención de responsabilidad, etc. compiled by Chas. J. Rodgers.
260 ## - PUBLICACIÓN, DISTRIBUCIÓN, ETC.
Lugar de publicación, distribución, etc. Calcutta :
Nombre del editor, distribuidor, etc. Panjáb Government,
Fecha de publicación, distribución, etc. 1894 (
Fabricante printed at the Baptist Mission Press)
300 ## - DESCRIPCIÓN FÍSICA
Extensión 2 v. ;
Dimensiones 25 cm.
505 8# - NOTA DE CONTENIDO CON FORMATO
Nota de contenido con formato Part II: Miscellaneous Muhammadan coins (VI, 220 p.)
650 #4 - PUNTO DE ACCESO ADICIONAL DE MATERIA--TÉRMINO DE MATERIA
Término de materia o nombre geográfico como elemento de entrada Monedas-
Subdivisión de forma Catálogos.
9 (RLIN) 136528
852 ## - LOCALIZACIÓN
Ubicación ES-MaACL
Número de control de estantería T-825-F-3
Nota libre -- Enc. hol. conservando la cub. original
condición física -- Sólo part II
Nota libre -- Enc. en un vol. facticio
Holdings
Estatus retirado Estado de pérdida Estado de daño No para préstamo Colección Biblioteca de origen Biblioteca actual Ubicación en estantería Fecha de adquisición Total de préstamos Signatura topográfica completa Código de barras Visto por última vez Precio de reemplazo Tipo de ítem Koha
        Colección de folletos Biblioteca del Ateneo de Madrid Biblioteca del Ateneo de Madrid Depósito folletos 17/01/2008   T-825-F-3 1171546 23/02/2023 23/02/2023 Folleto